000 05193cam a22013694i 4500
003 PE-LiUPU
005 20250813185456.0
008 150625s2003 sp a rb 000 0 spa d
020 _a8420534552
020 _a9788420534558
035 _a(Sirsi) i10
040 _aPE-LiUPU
_bspa
_cPE-LiUPU
_erda
049 _aPRUA
082 0 4 _a373.35
_bD72
_221
082 0 4 _a372.88
_bM42
100 1 _aMendoza Fillola, Antonio,
_eautor.
245 1 0 _aDidáctica de la lengua y la literatura para primaria /
_cAntonio Mendoza Fillola, coordinador [y otros nueve].
264 1 _aMadrid :
_bPearson Educación,
_c2003.
300 _axv, 572 páginas :
_bilustraciones ;
_c24 centímetros.
336 _atext
_2rdacontent
337 _aunmediated
_2rdamedia
338 _avolume
_2rdacarrier
490 0 _aColección didáctica primaria
504 _aIncluye bibliografía al final de cada capítulo.
505 0 _aMarco conceptual -- Didáctica de la Lengua y la Literatura: aspectos epistemológicos -- Conceptos básicos en didáctica de la Lengua y la Literatura -- El enfoque comunicativo -- El currículum de Lengua y Literatura -- Bases para la formación lingüístico-comunicativa y literaria -- Habilidades y competencias lingüísticas -- La lectoescritura. Métodos y procesos -- El dominio de la lengua oral. El dominio ortográfico -- Didáctica de la Literatura: las relaciones entre el discurso y el sujeto -- De la competencia literaria al proceso educativo: actividades y recursos -- El canon formativo y la educación lecto-literaria -- Las actividades para el desarrollo de las habilidades comunicativas -- La evaluación de las habilidades lingüísticas -- Referentes para la reflexión metalingüística -- Del conocimiento gramatical al discurso. Sus tipologías textuales -- Los contenidos gramaticales. Aspectos fónicos, morfosintácticos, textuales y léxicos -- Fonética y didáctica de la pronunciación.
526 _aP202
526 _aP201
526 _aP163
526 _aP162
526 _aP161
526 _aP160
526 _aP148
526 _aP147
526 _aP146
526 _aP145
526 _aP144
526 _aP143
526 _aP142
526 _aP141
526 _aP140
526 _aP139
526 _aP138
526 _aP137
526 _aP136
526 _aP135
526 _aP134
526 _aP133
526 _aP129
526 _aP128
526 _aP127
526 _aP120
526 _aP119
526 _aP118
526 _aP116
526 _aP115
526 _aP114
526 _aP110
526 _aP109
526 _aP108
526 _aP104
526 _aP103
526 _aP102
526 _aP99
526 _aP98
526 _aP97
526 _aP96
526 _aP95
526 _aP93
526 _aP90
526 _aP89
526 _aP88
526 _aP83
526 _aP82
526 _aP62
526 _aP59
526 _aP58
526 _aP57
526 _aP51
526 _aP49
526 _aP48
526 _aP47
526 _aP29
526 _aP24
526 _aP20
526 _aP19
526 _aP17
526 _aP15
526 _aP14
526 _aP12
526 _aP10
526 _aP09
526 _aP08
526 _aP07
526 _aP06
526 _aP05
526 _aP04
526 _aP01
541 _g001-000324;
541 _g001-00003175;
650 0 4 _aLenguaje y lenguas
_xMetodología - I.P.
650 0 4 _aLiteratura
_xMetodología - I.P.
700 1 _aMendoza Fillola, Antonio,
_ecoordinador.
700 1 _aBriz Billanueva, Ezequiel,
_ecoordinador.
910 _bjv
_clch
_d20080701
910 _btqv
_caic
_d20170110
942 _2ddc
_cBOOK
949 _a220.6 A 20
_wDEWEY
_c1
_i53376
_lCCODEBUL1
_mBUL
_p10.00
_r0
_sY
_tBOOK
_u2015-6-24
_xTEOLOGIA
_PP35
_0COMPRA
_o.STAFF. Colección General
949 _a302.25 C94
_wDEWEY
_c1
_i60043
_lCCODEBUL1
_mBUL
_p29.00
_r0
_sY
_tBOOK
_u2015-6-25
_xFCE
_PP04
_0COMPRA
_o.STAFF. Colección General
949 _a302.25 C94
_wDEWEY
_c2
_i58228
_lCCODEBUL1
_mBUL
_p28.00
_r0
_sY
_tBOOK
_u2015-6-25
_xFCE
_PP04
_0COMPRA
_o.STAFF. Colección General
949 _a373.35 D72
_wDEWEY
_c1
_i58362
_lCCODEBUL1
_mBUL
_p25.00
_r0
_sY
_tBOOK
_u2015-6-25
_xEDUCACION
_PP20
_0COMPRA
_o.STAFF. Colección General
949 _a372.88 M42 2003
_wDEWEY
_c1
_iFJ05127
_lCCODEBUJ1
_mBUJ
_p35.00
_r0
_sY
_tBOOK
_u2017-01-10
_xEDUCACION
_PP20
_0COMPRA
_o.STAFF. Colección General Juliaca
994 _aC0
_bPEPRU
596 _a1 3
999 _a220.6 A 20
_wDEWEY
_c35343
_i53376
_lLOST
_mBUL
_p10.00
_r1
_sY
_tBOOK
_u2015-6-24
_xTEOLOGIA
_PP35
_0COMPRA
_o.STAFF. Colección General
_d35343
999 _a373.35 D72
_wDEWEY
_c1
_i58362
_d2018-5-9
_f2021-11-8
_g5
_lCCODEBUL1
_mBUL
_p25.00
_q2
_r0
_sN
_tBOOK
_u2015-6-25
_xEDUCACION
_PP20
_0COMPRA
_o.STAFF. Colección General
999 _a372.88 M42 2003
_wDEWEY
_c1
_iFJ05127
_d2018-10-29
_f2022-1-18
_g3
_lCCODEBUJ1
_mBUJ
_p35.00
_q1
_r0
_sY
_tBOOK
_u2015-10-6
_xEDUCACION
_PP20
_0COMPRA
_o.STAFF. Colección General Juliaca
980 _81
_gALBERTO SANCHEZ Responsable de Automatización